| 000 | 01266nam a2200325 a 4500 | ||
|---|---|---|---|
| 999 |
_c2797 _d2797 |
||
| 006 | m |o go|ad | ||
| 007 | cr ||||||||||| | ||
| 008 | 180920s2019 enk ob 001 0 eng d | ||
| 020 |
_a9780429401442 _qebk |
||
| 040 |
_aKO _beng |
||
| 041 | 0 | _aeng | |
| 044 | _aenk | ||
| 082 | 0 | 0 |
_a343.0932 _223 |
| 100 | 1 | _aBackden, Paula, | |
| 245 | 1 | 4 |
_aThe contract of carriage : _bmultimodal transport and unimodal regulation / _cBy Paula Backden. |
| 264 | 1 |
_aLondon : _bInforma Law from Routledge, _c2019. |
|
| 300 | _a1 online resource | ||
| 490 | 0 | _aContemporary commercial law | |
| 504 | _aIncludes bibliographical references (pages 311-322) and index. | ||
| 505 | 0 | _aIntroduction -- The carrier's liability under current regimes -- Application of unimodal conventions in a multimodal context- status quo -- The scope of applications revisited -- The contractual approach to applicability and multimodal contracts -- General conclusions. | |
| 650 | 0 |
_aTransportation _xLaw and legislation. |
|
| 650 | 0 |
_aCarriers _xLaw and legislation. |
|
| 650 | 0 | _aDelivery of goods (Law) | |
| 650 | 0 | _aTransportation engineering. | |
| 856 | 4 | 0 | _uhttp://www.taylorfrancis.com/books/9780429401442 |
| 904 | _aRUDRA_R | ||
| 905 | _aR_RANJAN | ||
| 942 | _cEB | ||